Apertura comercial y ajuste de las empresas/
Gespeichert in:
| 1. Verfasser: | |
|---|---|
| Weitere Verfasser: | |
| Format: | Unbekannt |
| Veröffentlicht: |
San José:
Academia de Centroamérica. CINDE
|
| Schlagworte: | |
| Tags: |
Tag hinzufügen
Keine Tags, Fügen Sie den ersten Tag hinzu!
|
MARC
| LEADER | 00000 a2200000 04500 | ||
|---|---|---|---|
| 001 | 10273 | ||
| 003 | |||
| 008 | 991231s d | ||
| 040 | |||
| 090 | |a 135602 | ||
| 100 | 1 | |a Camacho Mejía, Edna | |
| 245 | |a Apertura comercial y ajuste de las empresas/ |c Edna Camacho Mejía | ||
| 260 | |a San José: |b Academia de Centroamérica. CINDE | ||
| 300 | |a xv, 262 p | ||
| 650 | |a COMERCIO INTERNACIONAL | ||
| 650 | |a ECONOMIA | ||
| 650 | |a COOPERACION INTERNACIONAL | ||
| 650 | |a CONDICIONES ECONOMICAS | ||
| 650 | |a AJUSTE ESTRUCTURAL | ||
| 650 | |a POLITICA ECONOMICA | ||
| 650 | |a ESTABILIZACION | ||
| 700 | |a | ||
| 700 | |a González Vega, Claudio | ||
| 700 | |a | ||
| 999 | |c 2794 |d 2794 | ||
